Name a Major Indian City A-Z - Statistics

General Stats
  • This quiz has been taken 239 times
  • The average score is 12 of 17
Answer Stats
City % Correct
A Ahmedabad | Agra | Aurangabad | Asansol | Allahabad | Amritsar | Aligarh
96%
C Chennai | Coimbatore | Chandigarh
94%
B Bengaluru | Bhilai | Bhopal | Bhubaneswar | Bareilly
93%
D Delhi | Dhanbad
90%
M Mumbai | Madurai | Meerut | Moradabad | Mysore
90%
K Kolkata | Kanpur | Kochi | Kota | Kozhikode
89%
H Hyderabad | Hubli-Dharwad
82%
P Pune | Patna
82%
J Jaipur | Jamshedpur | Jabalpur | Jodhpur | Jalandhar
81%
L Lucknow | Ludhiana
71%
S Surat | Srinagar | Salem | Solapur | Siliguri
68%
N Nagpur | Nashik
66%
V Vadodara | Vishakhapatnam | Vijayawada | Varanasi
66%
I Indore
60%
R Rajkot | Ranchi
45%
G Gwalior | Guwahati
32%
T Tiruppur | Tiruchirappalli
22%
No matching quizzes found
Score Distribution
Percent of People with Each Score
Percentile by Number Answered
Your Score History
You have not taken this quiz